Estadísticas para Mapa de Europa Pixelada

Haz click aquí para tomar la prueba!

Estadísticas generales

  • Esta prueba ha sido tomada 1,023 veces
  • La puntuación promedio es 269 de 279

Estadísticas de respuestas

País % Correcto
Rusia
99%
España
99%
Ucrania / Rusia
99%
Francia
99%
Portugal
99%
Italia
99%
Alemania
98%
Finlandia
97%
Irlanda
97%
Islandia
97%
Reino Unido
97%
Noruega
97%
Suecia
97%
Grecia
96%
Países Bajos
96%
Suiza
96%
Polonia
95%
Estonia
94%
Dinamarca
94%
Bélgica
94%
Croacia
93%
Lituania
93%
Bielorrusia
93%
Ucrania
92%
Letonia
91%
Rumania
91%
República Checa
90%
Austria
90%
Hungría
90%
Serbia
90%
Eslovaquia
88%
Bulgaria
88%
Eslovenia
88%
Bosnia y Herzegovina
87%
Montenegro
85%
Kosovo
84%
Moldavia
82%

Distribución de puntuación

Porcentaje por número respondido

Porcentaje de gente con cada puntuación

Historial de tus puntuaciones

No has tomado esta prueba